000 01182cam a2200337 i 4500
001 200466866
003 TR-AnTOB
005 20260112161836.0
007 ta
008 260112s2007 tu 000 0 tur d
020 _a9789750118685
040 _aTR-MARMARAUNV
_beng
_erda
_cTR-MARMARAUNV
_dTR-AnTOB
041 0 _atur
050 0 0 _aPL54.69.D63
090 0 0 _aPL54.69.D63
_bG86 2007
100 1 _aDoğan, Levent
_eauthor
_9142463
245 1 0 _aGünümüz Uygur şairlerinden Muhemmed İmin Hezret ve Ehmet İgemberdi Nicadi’nin şiirlerinden seçmeler :
_bşiirler-Türkiye Türkçesine aktarma-sözlük /
_cLevent Doğan
264 1 _aİstanbul :
_bKriter Yayın,
_c2007.
300 _axiv, 230 pages ;
_c24 cm
336 _atext
_btxt
_2rdacontent
337 _aunmediated
_bn
_2rdamedia
338 _avolume
_bnc
_2rdacarrier
490 0 _aKriter Yayın No ;
_v5
_aDers Kitapları No ;
_v4
504 _aBIB
600 1 0 _aHazrat, Muhammat Imin
_9151792
600 1 0 _aNicadi, Eḫmet İgemberdi,
_d1937-
_9151794
650 7 _aUygur dili
_xDil bilgisi
_2etuturkob
_977409
650 7 _aEpik şiir, Uygur
_2etuturkob
_9147082
942 _2lcc
_cBK
999 _c200466866
_d85078